Religion Quiz

Random Religion or Quote Quiz

Who Is Jesus Talking To? Quiz Stats

 Plays Quiz Updated Oct 10, 2017

Score 0/20 Timer 05:00
0 Plays Today
Jesus said... Addressee % Correct
'[Name], are you betraying the Son of Man with a kiss?'Judas Iscariot
85.3%
'Will you really lay down your life for me? I tell you the truth, before the rooster crows, you will disown me three times!'Simon Peter
83.1%
'Woman, why are you crying? Who is it you are looking for?'Mary Magdalene
79%
'[Name], into your hands I commit my spirit.'God the Father
78.9%
'Put your hand here; see my hands. Reach out your hand and put it into my side. Stop doubting and believe.'Thomas
78.8%
'Come, follow me, and I will make you fishers of men.'Peter and Andrew
77.9%
'Let it be so now, it is proper for us to do this [baptism] to fulfill all righteousness.'John the Baptist
77.4%
'Dear woman, why do you involve me? My time has not yet come.'Mary
73.3%
'Why were you searching for me? Didn't you know I had to be in my Father's house?'Mary and Joseph
72.9%
'It is also written, 'Do not put the Lord your God to the test.''Satan
62.8%
Jesus said... Addressee % Correct
'Woe to you [group], you hypocrites! You are like white washed tombs, which look beautiful on the outside but on the inside are full of dead men's bones and everything unclean.'Pharisees and teachers of the law
62.7%
'I tell you the truth, today you will be with me in paradise.'Criminal on the cross
62.2%
'Your brother will rise again.'Martha
59.3%
'One thing you lack. Go, sell everything you have and give to the poor, and you will have treasure in heaven. Then come, follow me.'Rich young ruler
55.7%
'My kingdom is not of this world. If it were, my servants would fight to prevent my arrest by the Jews. But now my kingdom is from another place.'Pontius Pilate
53%
'You are right when you say you have no husband. The fact is, you have had five husbands, and the man you now have is not your husband.'Woman at the well
51.2%
'[Name], come down immediately. I must stay at your house tonight.'Zacchaeus
49.3%
'[Name, Name], why do you persecute me?'Paul (Saul)
44.3%
'I am the Alpha and the Omega, who is, and who was, and who is to come, the Almighty.'John
40.9%
'For God so loved the world that he gave his one and only Son that whoever believes in him shall not perish but have eternal life.'Nicodemus
27.7%

You're not logged in!

Compare scores with friends on all Sporcle quizzes.
OR
Log In

You Might Also Like...

Show Comments

Extras

Top Quizzes Today


Score Distribution

Your Account Isn't Verified!

In order to create a playlist on Sporcle, you need to verify the email address you used during registration. Go to your Sporcle Settings to finish the process.

Report this User

Report this user for behavior that violates our Community Guidelines.

Details: